000 00927nam a2200217 a 4500
001 BRCA_3125
005 20190320204125.0
008 290109s1998----sp-a---###---#000-0#spa-#
020 _a8489345198
050 4 _aNK5205.R4
_b.P37 1998
100 1 _aPastor Rey de Viñas, Paloma
_92881
245 1 0 _aLa Real Fábrica de Cristales de la Granja
_bhistoria, repertorios decorativos y tipologías formales
_cPaloma Pastor Rey de Viñas.
260 _a[España]
_bPaloma Pastor Rey de Viñas
_c1998
300 _a218 p.
_bil. (algunas a color)
_c31 cm.
500 _aIncluye apéndice de dibujos, glosario, índice onomástico y catálogo
504 _aBibliografía: p. 185-189
610 2 4 _aReal Fábrica de Cristales de San Ildefonso
_xHistoria
_92882
650 1 4 _aVidrio cristalino
_xHistoria
_ySiglos XVIII y XIX
_zEspaña
_92883
650 1 4 _aFabricación del vidrio
_xHistoria
_ySiglos XVIII y XIX
_zEspaña
_92884
942 _2lcc
_cB
999 _c2861
_d2861